000
00276nam a22001337a 4500
008
190305b xxu||||| |||| 00| 0 eng d
020
_a
0314778713
041
_a
eng
080
_a
510
100
_a
38
101
_a
MAT
245
_a
Precalculus
_c
Cohen, D
942
_2
udc
_c
BK
999
_c
54480
_d
54480